ARRUPE JESUIT UNIVERSITY

CORONAVIRUS -STOP THE SPREAD - CLEAN,DISINFECT,COVER

Critical theory : (Record no. 119234)

MARC details
000 -LEADER
fixed length control field 01170cam a22002654a 4500
001 - CONTROL NUMBER
control field 16314671
003 - CONTROL NUMBER IDENTIFIER
control field ARRUPE
005 - DATE AND TIME OF LATEST TRANSACTION
control field 20131213102352.0
008 - FIXED-LENGTH DATA ELEMENTS--GENERAL INFORMATION
fixed length control field 100702s2011 nyua b 001 0 eng
010 ## - LIBRARY OF CONGRESS CONTROL NUMBER
LC control number 2010027472
020 ## - INTERNATIONAL STANDARD BOOK NUMBER
International Standard Book Number 9780199730070 (pbk. : alk. paper)
040 ## - CATALOGING SOURCE
Original cataloging agency DLC
Transcribing agency DLC
Modifying agency DLC
050 00 - LIBRARY OF CONGRESS CALL NUMBER
Classification number HM480
Item number .B76 2011
082 00 - DEWEY DECIMAL CLASSIFICATION NUMBER
Classification number 301.01
Edition number 22
300 ## - PHYSICAL DESCRIPTION
Other physical details ill. ;
Dimensions 18 cm.
100 1# - MAIN ENTRY--PERSONAL NAME
Personal name Bronner, Stephen Eric,
Dates associated with a name 1949-
9 (RLIN) 5605
245 10 - TITLE STATEMENT
Title Critical theory :
Remainder of title a very short introduction /
Statement of responsibility, etc Stephen Eric Bronner.
260 ## - PUBLICATION, DISTRIBUTION, ETC. (IMPRINT)
Place of publication, distribution, etc New York, N.Y. :
Name of publisher, distributor, etc Oxford University Press,
Date of publication, distribution, etc c2011.
300 ## - PHYSICAL DESCRIPTION
Extent 130 p. :
504 ## - BIBLIOGRAPHY, ETC. NOTE
Bibliography, etc Includes bibliographical references (p. 117-121) and index.
505 0# - FORMATTED CONTENTS NOTE
Formatted contents note Introduction : what is critical theory? -- The frankfurt school -- A matter of method -- Alienation and reification -- Enlightened illusions -- Utopia and its discontents -- The happy consciousness -- The great refusal -- From resignation to renewal.
650 #0 - SUBJECT ADDED ENTRY--TOPICAL TERM
Topical term or geographic name as entry element Critical theory.
9 (RLIN) 5606
906 ## - LOCAL DATA ELEMENT F, LDF (RLIN)
a 7
b cbc
c orignew
d 1
e ecip
f 20
g y-gencatlg
942 ## - ADDED ENTRY ELEMENTS (KOHA)
Source of classification or shelving scheme Library of Congress Classification
Koha item type Monograph ( Printed materials)
Holdings
Withdrawn status Lost status Source of classification or shelving scheme Damaged status Not for loan Home library Current library Shelving location Date acquired Total Checkouts Full call number Barcode Date last seen Date checked out Price effective from Koha item type
    Library of Congress Classification     ARRUPE LIBRARY ARRUPE LIBRARY Main Collection 13/12/2013 1 HM480 .B76 2011 46500000113 25/09/2018 14/09/2018 13/12/2013 Monograph ( Printed materials)
    Library of Congress Classification     ARRUPE LIBRARY ARRUPE LIBRARY Main Collection 16/12/2013   HM480 .B76 2011 464122598 30/04/2018   16/12/2013 Monograph ( Printed materials)

 

Arrupe Library. PO Box MP320 Mt Pleasant, Harare, Zimbabwe
263 242 745411|librarian@aju.ac.zw